000 00590nam a2200229Ia 4500
003 OSt
005 20230517095809.0
008 210423s2015 xx 000 0 und d
020 _a978-93-82471-89-9
040 _cAL
041 _aeng
082 _a637.1RASM
100 _aRASHID (Mohammad)
_9106192
245 _aMilk hygiene and safety
260 _aDelhi
_bJaya publishing house
_c2015
300 _axx,216
_bHB
365 _b1895
_cINR
650 _aAgriculture
_9106193
650 _aDairy Products Processing
_9106194
906 _ahygiene ; Milk ; safety
942 _2ddc
_cBK
999 _c167506
_d167506